| Tag |
First Indicator |
Second Indicator |
Subfields |
| LEADER |
00000cjm a2200000Mi 4500 |
| 001 |
in00004579921 |
| 008 |
800421s1968 nyucznn n eng d |
| 007 |
sd bsmennmplu| |
| 005 |
20220610144844.1 |
| 010 |
|
|
|a r 68002945
|
| 035 |
|
|
|a (OCoLC)ocn455625880
|
| 040 |
|
|
|a QE2
|b eng
|c QE2
|d OCLCF
|d OCLCO
|d TXI
|d OCLCA
|d OCLCQ
|d OCLCO
|d UWO
|d OCLCQ
|d OCLCO
|
| 028 |
0 |
1 |
|a MS 7142
|b Columbia
|
| 035 |
|
|
|a (OCoLC)455625880
|
| 050 |
1 |
4 |
|a G1038
|
| 100 |
1 |
|
|a Gabrieli, Giovanni,
|d 1557-1612.
|
| 245 |
1 |
4 |
|a The glory of Gabrieli :
|b vol. II canzonas for brass, winds, strings and organ.
|
| 260 |
|
|
|a New York :
|b Columbia,
|c [1968]
|
| 300 |
|
|
|a 1 audio disc (31 min.) :
|b 33 1/3 rpm, stereo ;
|c 12 in.
|
| 336 |
|
|
|a performed music
|b prm
|2 rdacontent
|
| 337 |
|
|
|a audio
|b s
|2 rdamedia
|
| 338 |
|
|
|a audio disc
|b sd
|2 rdacarrier
|
| 500 |
|
|
|a Columbia masterworks..
|
| 500 |
|
|
|a Columbia: MS 7142.
|
| 505 |
0 |
|
|a v. 2 : Sonata in the 9th Tone for 8 Parts. -- Canzona in the 9th Tone for 8 Parts. -- Canzona in the 7th Tone for 8 Parts. -- Ricercare for organ. -- Canzona in the 9th Tone for 12 Parts. -- Canzona in the 7th and 8th Tones for 12 Parts. -- Canzona in the 12th Tone for 6 Parts. -- Sonata for three violins and organ. -- Canzona in the 12th Tone for 10 Parts. -- Canzona in the 1st Tone for 10 Parts.
|
| 511 |
0 |
|
|a E. Power Biggs, organ; Edward Tarr, Brass Ensemble; Gabrieli consort La Fenice; Vittorio Negri, conductor.
|
| 650 |
|
0 |
|a Organ music.
|
| 650 |
|
0 |
|a Instrumental ensembles.
|
| 650 |
|
0 |
|a Organ with instrumental ensemble.
|
| 650 |
|
6 |
|a Orgue, Musique d'.
|
| 650 |
|
6 |
|a Ensembles instrumentaux.
|
| 650 |
|
6 |
|a Orgue et ensemble instrumental.
|
| 650 |
|
7 |
|a Instrumental ensembles.
|2 fast
|0 (OCoLC)fst00974411
|
| 650 |
|
7 |
|a Organ music.
|2 fast
|0 (OCoLC)fst01047598
|
| 650 |
|
7 |
|a Organ with instrumental ensemble.
|2 fast
|0 (OCoLC)fst01047620
|
| 700 |
1 |
|
|a Biggs, E. Power
|q (Edward Power),
|d 1906-1977.
|
| 700 |
1 |
|
|a Negri, Vittorio,
|d 1923-1998.
|
| 700 |
1 |
2 |
|a Gabrieli, Giovanni,
|d 1557-1612.
|t Sacrae symphoniae.
|k Selections.
|
| 700 |
1 |
2 |
|a Gabrieli, Giovanni,
|d 1557-1612.
|t Canzoni et sonate.
|k Selections.
|
| 700 |
1 |
2 |
|a Gabrieli, Giovanni,
|d 1557-1612.
|t Ricercares,
|m organ.
|
| 710 |
2 |
|
|a Gabrieli Consort La Fenice.
|
| 994 |
|
|
|a Z0
|b TXA
|
| 948 |
|
|
|h HELD BY TXA - 4 OTHER HOLDINGS
|
| 999 |
f |
f |
|s 6131a1c6-3bf2-459f-b1bc-17a7eb0f8a23
|i 6131a1c6-3bf2-459f-b1bc-17a7eb0f8a23
|t 0
|
| 952 |
f |
f |
|p ric
|a Texas A&M University
|b Rellis Campus
|c Joint Library Facility
|d Remote Storage
|t 0
|e LP-0896
|h Other scheme
|i audio -- audio disc
|m A14851295809
|
| 998 |
f |
f |
|a LP-0896
|t 0
|l Remote Storage
|